<?xml version="1.0" encoding="UTF-8"?>
<record
    xmlns:xsi="http://www.w3.org/2001/XMLSchema-instance"
    xsi:schemaLocation="http://www.loc.gov/MARC21/slim http://www.loc.gov/standards/marcxml/schema/MARC21slim.xsd"
    xmlns="http://www.loc.gov/MARC21/slim">

  <leader>01446cam a2200337 a 4500</leader>
  <controlfield tag="003">CO-ViMGA</controlfield>
  <controlfield tag="008">030305s1985    sp af   r     000 0 spa d</controlfield>
  <datafield tag="020" ind1=" " ind2=" ">
    <subfield code="a">8472323625</subfield>
  </datafield>
  <datafield tag="040" ind1=" " ind2=" ">
    <subfield code="a">CO-ViMGA</subfield>
    <subfield code="b">spa</subfield>
    <subfield code="c">CO-ViMGA</subfield>
  </datafield>
  <datafield tag="043" ind1=" " ind2=" ">
    <subfield code="a">s-ck---</subfield>
  </datafield>
  <datafield tag="045" ind1="2" ind2=" ">
    <subfield code="b"> d1783</subfield>
    <subfield code="b"> d1816</subfield>
  </datafield>
  <datafield tag="082" ind1="0" ind2="4">
    <subfield code="a">581.9861 </subfield>
    <subfield code="2">19</subfield>
    <subfield code="b">R31a</subfield>
  </datafield>
  <datafield tag="111" ind1="2" ind2=" ">
    <subfield code="a">Real Expedici&#xF3;n Bot&#xE1;nica del Nuevo Reino de Granada</subfield>
    <subfield code="d">(1783 -1816)</subfield>
    <subfield code="9">12842</subfield>
  </datafield>
  <datafield tag="245" ind1="1" ind2="0">
    <subfield code="a">Algas, l&#xED;quenes, hongos, hep&#xE1;ticas y musgos</subfield>
    <subfield code="c">promovida y dirigida por Jos&#xE9; Celestino Mutis ; Jaime Aguirre Ceballos</subfield>
  </datafield>
  <datafield tag="260" ind1=" " ind2=" ">
    <subfield code="a">Madrid</subfield>
    <subfield code="b">Cultura Hisp&#xE1;nica</subfield>
    <subfield code="c">1985.</subfield>
  </datafield>
  <datafield tag="300" ind1=" " ind2=" ">
    <subfield code="a">ix, 83 p., 51 h. de l&#xE1;minas a color</subfield>
    <subfield code="c">54 cm.</subfield>
  </datafield>
  <datafield tag="500" ind1=" " ind2=" ">
    <subfield code="a">Libro en formato grande.</subfield>
  </datafield>
  <datafield tag="500" ind1=" " ind2=" ">
    <subfield code="a">Publicada bajo los auspicios de los gobiernos de Espa&#xF1;a y de Colombia y merced a la colaboraci&#xF3;n de los Instituto de Cultura Hisp&#xE1;nica de Madrid y Bogot&#xE1;.</subfield>
  </datafield>
  <datafield tag="650" ind1="2" ind2="4">
    <subfield code="a">Algas</subfield>
    <subfield code="v">Clasificaci&#xF3;n</subfield>
    <subfield code="9">12844</subfield>
  </datafield>
  <datafield tag="650" ind1="2" ind2="4">
    <subfield code="a">Bot&#xE1;nica</subfield>
    <subfield code="z">Colombia</subfield>
    <subfield code="y">Siglos XVII-XVIII</subfield>
    <subfield code="9">12843</subfield>
  </datafield>
  <datafield tag="650" ind1="2" ind2="4">
    <subfield code="a">Hep&#xE1;ticas</subfield>
    <subfield code="v">Clasificaci&#xF3;n</subfield>
    <subfield code="9">12847</subfield>
  </datafield>
  <datafield tag="650" ind1="2" ind2="4">
    <subfield code="a">Hongos</subfield>
    <subfield code="v">Clasificaci&#xF3;n</subfield>
    <subfield code="9">12846</subfield>
  </datafield>
  <datafield tag="650" ind1="2" ind2="4">
    <subfield code="a">L&#xED;quenes</subfield>
    <subfield code="v">Clasificaci&#xF3;n</subfield>
    <subfield code="9">12845</subfield>
  </datafield>
  <datafield tag="650" ind1="2" ind2="4">
    <subfield code="a">Musgos</subfield>
    <subfield code="v">Clasificaci&#xF3;n</subfield>
    <subfield code="9">12848</subfield>
  </datafield>
  <datafield tag="700" ind1="1" ind2=" ">
    <subfield code="a">Aguirre Ceballos, Jaime</subfield>
    <subfield code="9">12849</subfield>
  </datafield>
  <datafield tag="700" ind1="1" ind2=" ">
    <subfield code="a">Diego Calonge, Francisco de</subfield>
    <subfield code="9">12850</subfield>
  </datafield>
  <datafield tag="700" ind1="1" ind2=" ">
    <subfield code="a">Mutis, Jos&#xE9; Celestino</subfield>
    <subfield code="d">1732-1808</subfield>
    <subfield code="9">6807</subfield>
  </datafield>
  <datafield tag="710" ind1="2" ind2=" ">
    <subfield code="a">Instituto Colombiano de Cultura Hisp&#xE1;nica</subfield>
    <subfield code="9">12830</subfield>
  </datafield>
  <datafield tag="710" ind1="2" ind2=" ">
    <subfield code="a">Instituto de Cooperaci&#xF3;n Iberoamericana</subfield>
    <subfield code="9">12851</subfield>
  </datafield>
  <datafield tag="942" ind1=" " ind2=" ">
    <subfield code="2">ddc</subfield>
    <subfield code="c">BK</subfield>
  </datafield>
  <datafield tag="999" ind1=" " ind2=" ">
    <subfield code="c">37059</subfield>
    <subfield code="d">37059</subfield>
  </datafield>
  <datafield tag="952" ind1=" " ind2=" ">
    <subfield code="0">0</subfield>
    <subfield code="1">0</subfield>
    <subfield code="2">ddc</subfield>
    <subfield code="4">0</subfield>
    <subfield code="5">1</subfield>
    <subfield code="7">0</subfield>
    <subfield code="8">003</subfield>
    <subfield code="a">MEVIECAR</subfield>
    <subfield code="b">MEVIECAR</subfield>
    <subfield code="d">2018-09-13</subfield>
    <subfield code="l">0</subfield>
    <subfield code="o">581.9861 R31a</subfield>
    <subfield code="p">32416</subfield>
    <subfield code="r">2018-09-13 00:00:00</subfield>
    <subfield code="w">2018-09-13</subfield>
    <subfield code="y">BK</subfield>
  </datafield>
</record>
